[Event "Reykjavik Skakping op"]
[Site "Reykjavik"]
[Date "2023.01.08"]
[Round "1"]
[White "Stefansson, Vignir Vatnar"]
[Black "Heidarsson, Mikael Bjarki"]
[Result "1-0"]
[WhiteElo "2458"]
[BlackElo "1575"]
[PlyCount "45"]
[EventDate "2023.01.08"]
[EventType "swiss"]
[EventRounds "9"]
[EventCountry "ISL"]
[SourceTitle "EXT 2024"]
[Source "ChessBase"]
[SourceDate "2023.10.10"]
[SourceVersion "1"]
[SourceVersionDate "2023.10.10"]
[SourceQuality "1"]

1. Nf3 Nf6 2. c4 e6 3. g3 d5 4. Bg2 Be7 5. 0-0 0-0 6. d4 c6 7. Qc2 b6 8. Nbd2 Bb7 9. e4 dxe4 10. Nxe4 Nbd7 11. Nxf6+ Nxf6 12. Rd1 Qc8 13. Ne5 c5 14. d5 exd5 15. cxd5 Qc7 16. d6 Bxd6 17. Bxb7 Bxe5 18. Bxa8 Rxa8 19. Bd2 Nd5 20. Qe4 Rd8 21. Bg5 Bd4 22. Bxd8 Qxd8 23. Rxd4 1-0

[Event "Reykjavik Bodsmot op"]
[Site "Reykjavik"]
[Date "2022.06.03"]
[Round "1"]
[White "Heidarsson, Mikael Bjarki"]
[Black "Mai, Alexander Oliver"]
[Result "1/2-1/2"]
[WhiteElo "1703"]
[BlackElo "2183"]
[PlyCount "149"]
[EventDate "2022.06.03"]
[EventType "swiss"]
[EventRounds "5"]
[EventCountry "ISL"]
[SourceTitle "CBM 209 Extra"]
[Source "ChessBase"]
[SourceDate "2022.09.30"]
[SourceVersion "1"]
[SourceVersionDate "2022.09.30"]
[SourceQuality "1"]

1. d4 Nf6 2. c4 e6 3. g3 c5 4. d5 exd5 5. cxd5 d6 6. Nc3 g6 7. Bg2 Bg7 8. e4 0-0 9. Nge2 a6 10. a4 Nbd7 11. 0-0 Rb8 12. a5 Re8 13. Bf4 Qc7 14. Qc2 Ng4 15. Rfe1 Nge5 16. Bxe5 Nxe5 17. f4 Nd7 18. Nd1 b6 19. axb6 Qxb6 20. Nec3 Qb7 21. Ra2 Nb6 22. Bf1 Bd4+ 23. Kg2 Qd7 24. Bxa6 Qh3+ 25. Kh1 Bg4 26. Bf1 Qh5 27. Be2 f5 28. Bxg4 Qxg4 29. Kg2 fxe4 30. Rxe4 Qh5 31. Qe2 Qxe2+ 32. Rxe2 Rxe2+ 33. Nxe2 Bg7 34. Ne3 Rb7 35. Nc3 Kf7 36. Kf3 Bd4 37. Nb5 Ke7 38. Nxd4 cxd4 39. Nc2 d3 40. Nb4 d2 41. Ke2 Nc4 42. Ra7 Rxa7 43. Nc6+ Kd7 44. Nxa7 Ne3 45. Kxd2 Nxd5 46. Nb5 Nf6 47. Nd4 Ng4 48. Nf3 Kc6 49. Ng5 h6 50. h3 Nf6 51. Nf7 Ng8 52. Kd3 Kd7 53. Nh8 Ne7 54. Nf7 Ng8 55. b4 Ke7 56. Nh8 Kf6 57. b5 Kg7 58. b6 Nf6 59. b7 Nd7 60. Nxg6 Kxg6 61. Kd4 Kf6 62. Kd5 Ke7 63. g4 Nb8 64. g5 hxg5 65. fxg5 Na6 66. h4 Nb4+ 67. Kc4 Nc6 68. h5 Na5+ 69. Kd5 Nxb7 70. h6 Kf7 71. h7 Kg7 72. g6 Nc5 73. h8Q+ Kxh8 74. g7+ Kxg7 75. Kxd6 1/2-1/2

[Event "EU-ch Hybrid U12"]
[Site "Tornelo INT"]
[Date "2021.10.15"]
[Round "2"]
[White "Heidarsson, Mikael Bjarki"]
[Black "Tabatadze, Erekle"]
[Result "0-1"]
[WhiteElo "1532"]
[BlackElo "1343"]
[PlyCount "70"]
[EventDate "2021.10.15"]
[EventType "swiss"]
[EventRounds "9"]
[EventCountry "NET"]
[SourceTitle "EXT 2023"]
[Source "ChessBase"]
[SourceDate "2022.10.05"]
[SourceVersion "1"]
[SourceVersionDate "2022.10.05"]
[SourceQuality "1"]
[WhiteTeam "Island"]
[BlackTeam "Georgia"]
[WhiteTeamCountry "ISL"]
[BlackTeamCountry "GEO"]

1. d4 Nf6 2. c4 e6 3. Nf3 b6 4. g3 Bb7 5. Bg2 Bb4+ 6. Bd2 Bxd2+ 7. Nbxd2 0-0 8. Qc2 d6 9. 0-0 c5 10. e4 cxd4 11. Nxd4 Nc6 12. N2f3 Nb4 13. Qc3 a5 14. Nd2 Na6 15. f3 Rc8 16. Rac1 Nc5 17. N2b3 d5 18. Nxc5 Rxc5 19. exd5 exd5 20. b3 dxc4 21. Rcd1 Nd5 22. Qd2 c3 23. Qf2 Qc7 24. Rc1 Nb4 25. Rfd1 Ba6 26. Bf1 Bxf1 27. Kxf1 Rc8 28. a3 Nd5 29. Rd3 b5 30. Nc2 Nf6 31. Rcd1 h6 32. Rd4 Re8 33. R1d3 Rce5 34. Ne3 Rxe3 35. Rxe3 c2 0-1

[Event "Nordic-ch U14"]
[Site "Torshavn"]
[Date "2021.09.12"]
[Round "5"]
[White "Magnussen, Petur Gardar"]
[Black "Heidarsson, Mikael Bjarki"]
[Result "0-1"]
[WhiteElo "1016"]
[BlackElo "1522"]
[PlyCount "76"]
[EventDate "2021.09.10"]
[EventType "swiss"]
[EventRounds "6"]
[EventCountry "FAI"]
[SourceTitle "EXT 2023"]
[Source "ChessBase"]
[SourceDate "2022.10.05"]
[SourceVersion "1"]
[SourceVersionDate "2022.10.05"]
[SourceQuality "1"]

1. e4 c6 2. d4 d5 3. exd5 cxd5 4. Bd3 Qc7 5. c3 Nf6 6. h3 e6 7. Nf3 Bd6 8. Nbd2 h6 9. Qc2 b6 10. Nf1 Ba6 11. Bxa6 Nxa6 12. Qa4+ Nd7 13. Qxa6 Rb8 14. Qd3 0-0 15. Ne3 f5 16. Bd2 Rbe8 17. 0-0-0 a5 18. Rde1 Rb8 19. Re2 b5 20. Rhe1 Rfc8 21. Nf1 Nf8 22. Ne5 b4 23. Nh2 a4 24. Kd1 a3 25. bxa3 bxc3 26. Bc1 Nd7 27. Nxd7 Qxd7 28. Rc2 Qa4 29. Ke2 Rc4 30. Nf1 Rxd4 31. Qxc3 Rc4 32. Qxc4 dxc4 33. Rd2 Bxa3 34. Bxa3 Qxa3 35. Ne3 c3 36. Rc2 Qa6+ 37. Kd1 Rb1+ 38. Rc1 Qd3# 0-1

[Event "EU-ch 21st"]
[Site "Reykjavik"]
[Date "2021.08.31"]
[Round "6"]
[White "Heidarsson, Mikael Bjarki"]
[Black "Pozimski, Szymon"]
[Result "1/2-1/2"]
[WhiteElo "1473"]
[BlackElo "2019"]
[PlyCount "106"]
[EventDate "2021.08.26"]
[EventType "swiss"]
[EventRounds "11"]
[EventCountry "ISL"]
[SourceTitle "CBM 204"]
[Source "ChessBase"]
[SourceDate "2021.10.31"]
[SourceVersion "1"]
[SourceVersionDate "2021.10.31"]
[SourceQuality "1"]

1. d4 d5 2. c4 dxc4 3. e4 e5 4. d5 Nf6 5. Nc3 b5 6. Bg5 Bb4 7. a4 c6 8. Bxf6 Qxf6 9. dxc6 Bxc3+ 10. bxc3 Qxc6 11. axb5 Qxb5 12. Rb1 Qc6 13. Qd5 Qxd5 14. exd5 Ba6 15. Rb4 0-0 16. Bxc4 Rc8 17. Bxa6 Nxa6 18. Ra4 Nc5 19. Ra1 Nd3+ 20. Ke2 Nf4+ 21. Kd2 Nxd5 22. Ne2 Rd8 23. Kc2 Nc7 24. Ra5 f6 25. Rha1 a6 26. f4 exf4 27. Nxf4 Rd6 28. Rc5 Ne6 29. Nxe6 Rxe6 30. Rd1 Rb8 31. Rcd5 Kf7 32. c4 Reb6 33. c5 Rb2+ 34. Kc3 R8b3+ 35. Kc4 Rb4+ 36. Kc3 R2b3+ 37. Kc2 Rb2+ 38. Kc3 R2b3+ 39. Kc2 Ra3 40. R1d4 Rxd4 41. Rxd4 Ke8 42. c6 Ra5 43. Kb3 Rc5 44. Rd6 Ke7 45. Rd7+ Ke6 46. Rxg7 Rxc6 47. Rxh7 Rc5 48. g4 Rg5 49. h3 Rb5+ 50. Ka4 Rb1 51. h4 Rg1 52. Rg7 Ra1+ 53. Kb3 Rb1+ 1/2-1/2

[Event "EU-ch 21st"]
[Site "Reykjavik"]
[Date "2021.08.29"]
[Round "4"]
[White "Heidarsson, Mikael Bjarki"]
[Black "Hallmundarson, Birkir"]
[Result "1-0"]
[WhiteElo "1473"]
[BlackElo "1095"]
[PlyCount "67"]
[EventDate "2021.08.26"]
[EventType "swiss"]
[EventRounds "11"]
[EventCountry "ISL"]
[SourceTitle "CBM 204"]
[Source "ChessBase"]
[SourceDate "2021.10.31"]
[SourceVersion "1"]
[SourceVersionDate "2021.10.31"]
[SourceQuality "1"]

1. d4 Nf6 2. c4 e6 3. Nf3 c5 4. Nc3 cxd4 5. Nxd4 Bc5 6. e4 0-0 7. Bg5 h6 8. Bh4 e5 9. Nf3 d6 10. Nd5 Qa5+ 11. Qd2 Qxd2+ 12. Nxd2 Nxd5 13. cxd5 f5 14. f3 g5 15. Bg3 f4 16. Bf2 Bxf2+ 17. Kxf2 Rd8 18. g3 Kf7 19. Rc1 Nd7 20. gxf4 gxf4 21. Rc7 a6 22. Nc4 Rg8 23. Bh3 Kf6 24. Bxd7 Bxd7 25. Rxd7 Rac8 26. Rxd6+ Ke7 27. Re6+ Kd8 28. Na3 b5 29. Rc6 Rxc6 30. dxc6 Rg6 31. Rc1 Kc7 32. Nb1 Rg5 33. Nd2 Rg6 34. Rc5 1-0

[Event "EU-ch Online U12"]
[Site "Tornelo INT"]
[Date "2020.09.18"]
[Round "2"]
[White "Sundac, Ivano"]
[Black "Heidarsson, Mikael Bjarki"]
[Result "0-1"]
[WhiteElo "1539"]
[BlackElo "1180"]
[PlyCount "148"]
[EventDate "2020.09.18"]
[EventType "swiss (rapid)"]
[EventRounds "9"]
[EventCountry "NET"]
[SourceTitle "EXT 2023"]
[Source "ChessBase"]
[SourceDate "2022.10.05"]
[SourceVersion "1"]
[SourceVersionDate "2022.10.05"]
[SourceQuality "1"]
[WhiteTeam "Croatia"]
[BlackTeam "Island"]
[WhiteTeamCountry "CRO"]
[BlackTeamCountry "ISL"]

1. e4 c5 2. Nf3 d6 3. d4 cxd4 4. Nxd4 Nf6 5. Nc3 g6 6. Be3 a6 7. f3 b5 8. a3 Bg7 9. Be2 Bb7 10. Qd2 h5 11. h4 Nbd7 12. 0-0-0 Ne5 13. Kb1 Nfd7 14. Nd5 Nc4 15. Bxc4 bxc4 16. Qb4 Bxd5 17. exd5 Ne5 18. Qa4+ Qd7 19. Nc6 Nxc6 20. dxc6 Qc7 21. Qxc4 0-0 22. g4 Rab8 23. Bd4 Bxd4 24. Qxd4 Qxc6 25. gxh5 Qxf3 26. hxg6 fxg6 27. h5 Rf4 28. Qd5+ Qxd5 29. Rxd5 gxh5 30. Rdxh5 Kf7 31. Ra5 Rb6 32. Rh8 Rc4 33. Ra8 Rcc6 34. Kc1 Ke6 35. Rh8 Rb5 36. Rh6+ Kd5 37. Rh5+ e5 38. Ra4 Rbc5 39. c3 Rc4 40. Rxc4 Rxc4 41. Kd2 Rg4 42. Rh8 Rg2+ 43. Kc1 Kc4 44. Rh4+ Kd3 45. Rh3+ Kc4 46. Rh4+ Kc5 47. Ra4 Kb5 48. Rb4+ Kc5 49. Ra4 Kb6 50. Rb4+ Ka5 51. Rb8 e4 52. Re8 Rg1+ 53. Kc2 Rg2+ 54. Kb3 Re2 55. Re6 d5 56. Re5 Rd2 57. c4 Kb6 58. cxd5 Rd3+ 59. Kc4 Rd2 60. b4 Re2 61. Re6+ Kb7 62. Kc5 Re1 63. Re7+ Kc8 64. d6 e3 65. Kc6 Kd8 66. Rh7 Rc1+ 67. Kd5 e2 68. Rh8+ Kd7 69. Rh7+ Kc8 70. Rh8+ Kb7 71. Rh7+ Kb6 72. d7 Rd1+ 73. Kc4 e1Q 74. Rh6+ Kc7 0-1

[Event "Reykjavik ISL-ch op"]
[Site "Reykjavik"]
[Date "2020.08.26"]
[Round "5"]
[White "Heidarsson, Mikael Bjarki"]
[Black "Sigurvaldason, Hjalmar"]
[Result "1-0"]
[WhiteElo "1208"]
[BlackElo "1474"]
[PlyCount "83"]
[EventDate "2020.08.22"]
[EventType "swiss"]
[EventRounds "9"]
[EventCountry "ISL"]
[SourceTitle "CBM 198 Extra"]
[Source "ChessBase"]
[SourceDate "2020.11.30"]
[SourceVersion "1"]
[SourceVersionDate "2020.11.30"]
[SourceQuality "1"]

1. d4 Nf6 2. c4 e6 3. Nf3 Bb4+ 4. Bd2 Bxd2+ 5. Qxd2 0-0 6. Nc3 d5 7. e3 b6 8. cxd5 exd5 9. Bd3 Bb7 10. Rc1 c6 11. Ne2 Ne4 12. Qc2 Qe7 13. Ng3 f5 14. Ne5 c5 15. f3 c4 16. Bxe4 fxe4 17. fxe4 Nd7 18. Nxd7 Qxd7 19. exd5 Bxd5 20. e4 Rae8 21. e5 Bxg2 22. Qxg2 Qxd4 23. Qd2 Rxe5+ 24. Kd1 Qh4 25. Kc2 c3 26. bxc3 Rb5 27. Qd4 Rf2+ 28. Qxf2 Qa4+ 29. Kd3 Rd5+ 30. Ke3 Re5+ 31. Kd2 Qxa2+ 32. Rc2 Rd5+ 33. Ke3 Re5+ 34. Ne4 Qe6 35. Qf3 Qc4 36. Rd1 h6 37. Rd4 Qb3 38. Kd3 Qb5+ 39. Kd2 a5 40. Rd8+ Kh7 41. Qd3 Qxd3+ 42. Kxd3 1-0

[Event "Reykjavik Congress"]
[Site "Reykjavik"]
[Date "2020.01.29"]
[Round "8"]
[White "Bjarnason, Saevar"]
[Black "Heidarsson, Mikael Bjarki"]
[Result "1-0"]
[WhiteElo "2057"]
[BlackElo "1043"]
[PlyCount "39"]
[EventDate "2020.01.05"]
[EventType "swiss"]
[EventRounds "9"]
[EventCountry "ISL"]
[SourceTitle "EXT 2021"]
[Source "ChessBase"]
[SourceDate "2020.10.23"]
[SourceVersion "1"]
[SourceVersionDate "2020.10.23"]
[SourceQuality "1"]

1. d4 Nf6 2. c4 e6 3. Nc3 Bb4 4. Nf3 0-0 5. e3 b6 6. Bd3 Bb7 7. 0-0 d6 8. Ne2 d5 9. Ng3 Bd6 10. cxd5 Bxg3 11. hxg3 Bxd5 12. Qc2 Nbd7 13. e4 Bb7 14. e5 Nd5 15. Bxh7+ Kh8 16. Ng5 f6 17. Nxe6 Nb4 18. Nxd8 Nxc2 19. Bxc2 Raxd8 20. e6 1-0